Proficiency testbuilder
Αποθηκεύτηκε σε:
| Κύριος συγγραφέας: | |
|---|---|
| Μορφή: | Βιβλίο |
| Γλώσσα: | English |
| Δημοσίευση: |
Oxford :
Mcmillan Heinemann,
c1994
|
| Θέματα: | |
| Ετικέτες: |
Προσθήκη ετικέτας
Δεν υπάρχουν, Καταχωρήστε ετικέτα πρώτοι!
|
MARC
| LEADER | 00000cam a2200000 i 4500 | ||
|---|---|---|---|
| 001 | 1/44092 | ||
| 008 | 031030s1994 eng d | ||
| 020 | |a 0-435-24063-3 (with key) | ||
| 020 | |a 0-435-24064-1 (sc) | ||
| 035 | |l 10071481 | ||
| 040 | |a GR-MY-UA |b gre |e aacr | ||
| 041 | 0 | |a eng | |
| 082 | 0 | |a 428.24 |2 (21) | |
| 100 | 1 | |a Harrison, Mark, |d 1955- | |
| 245 | 1 | 0 | |a Proficiency testbuilder / |c Mark Harrison |
| 260 | |a Oxford : |b Mcmillan Heinemann, |c c1994 | ||
| 300 | |a 176 σ.; |c 30εκ.+ |e 1 κασσέτα ήχου | ||
| 650 | 0 | 0 | |a English language |x Study and teaching (Higher) |x Foreign speakers. |
| 852 | |a INST |b LESVOS |e 20031030 |h 428.24 HAR |p 005100024790 |q 005100024790 |t BK |y 0 | ||
| 852 | |a INST |b LESVOS |e 20031030 |h 428.24 HAR |p 005100024789 |q 005100024789 |t BK |y 0 | ||
| 901 | |a BIBL1-2003-3 | ||
| 909 | |a Λ |b 104270 | ||
| 909 | |a Λ |b 106864 | ||
| 970 | |a ΤΖΑΦΕΡΗ |b ΕΥΑΓΓΕΛΙΑ |z 2003/10/ | ||